| 000 | 00920nam a22002177a 4500 | ||
|---|---|---|---|
| 999 |
_c7339 _d7339 |
||
| 003 | AR-CdUCM | ||
| 008 | 190320b ||||| |||| 00| 0 eng d | ||
| 040 |
_aMUNICIPALIDAD PROVINCIAL DEL CUSCO _cBIBLIOTECA MUNICIPAL DEL CUSCO |
||
| 082 |
_a635.21 / _bL32 |
||
| 100 |
_aLazo Canales, Jaime _920678 |
||
| 245 | _aManual práctico del cultivo de la papa en la sierra / | ||
| 260 |
_aLima : _bMinisterio de Educación Pública, Servicio Cooperativo Peruano-Norteamericano de Educación, _c1956. |
||
| 300 |
_a58 páginas ; _bIlustraciones, _c27.5 cm. |
||
| 505 | _aElección de la variedad -- Selección de la semilla -- Desinfección de las semillas -- Época de sembrio -- Elección del terreno ... | ||
| 650 |
_aPapas (Tubérculos) _911536 |
||
| 650 |
_aCultivo _919546 |
||
| 650 |
_aSierra _920679 |
||
| 710 |
_aServicio Cooperativo Peruano Norteamericano de Educación _920680 |
||
| 942 |
_2ddc _cLIBROS |
||
| 945 | _aacv | ||